Our American government today / (Record no. 7005)
[ view plain ]
| 000 -LEADER | |
|---|---|
| fixed length control field | 01059cam a22003011 4500 |
| 001 - CONTROL NUMBER | |
| control field | 7005 |
| 003 - CONTROL NUMBER IDENTIFIER | |
| rucl marc code | BD-RjUL |
| 005 - DATE AND TIME OF LATEST TRANSACTION | |
| control field | 20211208234342.0 |
| 008 - FIXED-LENGTH DATA ELEMENTS--GENERAL INFORMATION | |
| fixed length control field | 140113s1966 xx 001 0 eng d |
| 035 ## - SYSTEM CONTROL NUMBER | |
| System control number | (BD-RjUL)7047 |
| System control number | (OCoLC)2482754 |
| 040 ## - CATALOGING SOURCE | |
| Original cataloging agency | DLC |
| Transcribing agency | O |
| Modifying agency | OCoLC |
| -- | DLC |
| -- | BD-RjUL |
| Language of cataloging | eng |
| 041 ## - LANGUAGE CODE | |
| Language code of text/sound track or separate title | eng |
| 082 00 - DEWEY DECIMAL CLASSIFICATION NUMBER | |
| Classification number | 320.973 |
| Author mark and year | STO 1966 |
| 100 1# - MAIN ENTRY--PERSONAL NAME | |
| Personal name | Starratt, Edith E. |
| 9 (RLIN) | 21954 |
| 245 10 - TITLE STATEMENT | |
| Title | Our American government today / |
| Statement of responsibility, etc. | by Edith E. Starratt [and] Morris Lewenstein. |
| 250 ## - EDITION STATEMENT | |
| Edition statement | 2d ed. |
| 260 ## - PUBLICATION, DISTRIBUTION, ETC. (IMPRINT) | |
| Place of publication, distribution, etc. | Englewood Cliffs, N.J. : |
| Name of publisher, distributor, etc. | Prentice Hall, |
| Date of publication, distribution, etc. | 1966. |
| 300 ## - PHYSICAL DESCRIPTION | |
| Pagination | xiv, 496 p. : |
| Illustrations | illus. |
| Size | 24 cm. |
| 500 ## - GENERAL NOTE | |
| General note | "From their pens: notable documents in American government, selected and edited by James MacGregor Burns" at end of each unit. |
| 504 ## - BIBLIOGRAPHY, ETC. NOTE | |
| Bibliography, etc | Includes index. |
| 651 #0 - SUBJECT ADDED ENTRY--GEOGRAPHIC NAME | |
| Geographic name | United States |
| General subdivision | Politics and government |
| Form subdivision | Handbooks, manuals, etc. |
| 9 (RLIN) | 13587 |
| 700 1# - ADDED ENTRY--PERSONAL NAME | |
| Personal name | Lewenstein, Morris K. |
| Relator term | joint author. |
| Personal name | Burns, James MacGregor. |
| 942 ## - ADDED ENTRY ELEMENTS (KOHA) | |
| Source of classification or shelving scheme | Dewey Decimal Classification |
| Koha item type | Books |
| Lost status | Source of classification or shelving scheme | Damaged status | Not for loan | Collection code | Permanent Location | Current Location | Shelving location | Date acquired | Source of acquisition | Total Checkouts | Full call number | Date last seen | Copy number | Koha item type |
|---|---|---|---|---|---|---|---|---|---|---|---|---|---|---|
| Dewey Decimal Classification | Not For Loan | Non-fiction | Central Library, University of Rajshahi | Central Library, University of Rajshahi | 16/07/1991 | Shamsun Nahar, Gift | 320.973 STO 1966 | 13/01/2014 | C-1 | Books |